TV Shows Cut Off at 'J' Quiz Stats

 Plays Quiz Updated Oct 6, 2019

Score 0/24 Timer 06:00
0 Plays Today
Cut Off At 'J' TV Show % Correct
BEETLEJUICE
97.7%
TEENAGE MUTANT NINJA TURTLES
95.5%
THE TOM ANDJERRY SHOW
89%
LAW & ORDER: TRIAL BYJURY
86.8%
THE GLEE PROJECT
85.9%
I DREAM OFJEANNIE
79.3%
PLAINJANE
75.5%
NURSEJACKIE
74.8%
DEF COMEDYJAM
74%
AMERICAN NINJA WARRIOR
73.7%
KOJAK
71.9%
CROSSINGJORDAN
67%
Cut Off At 'J' TV Show % Correct
LATE NIGHT WITHJIMMY FALLON
66.4%
MASTERCHEFJUNIOR
65.3%
PETTICOATJUNCTION
64.7%
DRAKE &JOSH
63.1%
LIPSTICKJUNGLE
59.8%
CRIMINALJUSTICE
59.6%
BOJACK HORSEMAN
57.7%
GENE SIMMONS FAMILYJEWELS
54.4%
DIRTY JOBS
42.7%
MELISSA &JOEY
42.1%
ALIAS SMITH &JONES
39.3%
ADVENTURES OF JIMMY NEUTRON: BOY GENIUS
6.8%

You're not logged in!

Compare scores with friends on all Sporcle quizzes.
OR
Log In

Sporcle TV

Today on Sporcle TV


Watch our educational content, quiz creation guides, and fun videos on Sporcle TV.

Show Comments

Extras

Top Quizzes Today


Score Distribution

Your Account Isn't Verified!

In order to create a playlist on Sporcle, you need to verify the email address you used during registration. Go to your Sporcle Settings to finish the process.

Report this User

Report this user for behavior that violates our Community Guidelines.

Details: